1600 1164 1353 1395 1523 1464 1387 1413 1610 1667 1759 1025 1254 1910 1892 1067 1981 1593 1616 1691 1841 1965 1988 1761 1683 1573 1629 1163 1750 1000 1116 1132 1300 1432 1713 1054 1277 1782 1397 1862 1970 1522 1033 1482 1758 1424 1551 1972 1281 1767 1526 1548 1841 1066 1872 1318 1362 1440 1525 1178 1405 1156 1158 1807 1532 1434 1395 1860 1311 1474 1855 1024 1632 1613 1387 1439 1393 1748 1723 1993 1128 1312 1408 1760 1098 1904 1026 1170 1393 1816 1574 1572 1849 1519 1875 1827 1937 1527 1310 BCNSPRNW ULIB Ver.6.0+V

เปลี่ยนเป็นภาษาไทย

Change to English
 แสดงรายละเอียดบรรณานุกรม
  กลับหน้าหลัก

Brief Record : Get Marc (ISO 2709) : E-mail record : QR code < ปิดหน้าต่าง
LEADER : 00000nam 2200000uu 4500
001    13399108400
003     ULIB
008    110302s2550||||th 000 0 tha d
060  4 WY159^bย412ก 2550
100 0  ยุพา ทิพย์อลงกต
245 00 การพยาบาลเด็กโรคมะเร็ง/^cยุพา ทิพย์อลงกต
260    นครสวรรค์:^bวิทยาลัยพยาบาล สวรรค์ประชารักษ์ นครสวรรค์,^c2550
300    54 หน้า
650  7 มะเร็ง^xเด็ก
945    ^p0^l0^i021876
995    ทศพร
999 ^a ใช้งานได้ทุกระบบ
รายการนี้ยังไม่มีแท็ก
คุณยังไม่ได้ล็อกอิน คุณสามารถมีกิจกรรมร่วมกับเว็บไซต์ได้ แต่ต้องล็อกอินก่อน ::
  ล็อกอิน

รายการสื่อสารสนเทศ

ลำดับที่ ประเภท เลขเรียก/บาร์โค้ด สถานที่ สถานะ
- ไม่พบข้อมูล -

รายการใกล้เคียง
    ผู้แต่ง [ยุพา ทิพย์อลงกต]

BibComment


ยังไม่เคยถูกคอมเมนท์

คอมเมนท์ทรัพยากรรายการนี้
  คอมเมนท์: การพยาบาลเด็กโรคม..


 Copyright 2026. Bcnsprnw @Library